Every Ski Slope At Park City, Utah - Statistics

General Stats
  • This quiz has been taken 10 times
    7 since last reset
  • The average score is 83 of 340
Answer Stats
Difficulty Slope % Correct
🟒 3/4 Load
67%
🟦 Creole
67%
⬛ Glory Hole
67%
🟒 Homerun
67%
🟦 King Con
67%
🟦 Town
67%
🟦 002
33%
⬛ 10th Mtn
33%
🟦 1/2 Load
33%
🟒 1/4 Load
33%
πŸ”² 6 Bells
33%
πŸ”² 94 Turns
33%
🟦 Alloy Alley
33%
🟦 Alpenglow
33%
🟦 Another World
33%
🟦 Apparition
33%
πŸ”² Aspen Grove
33%
🟦 Assessment
33%
🟦 Backstreet
33%
⬛ Belmont
33%
πŸ”² Bergs Bowl
33%
πŸ”² Black Forest
33%
🟦 Blaise's Way
33%
🟒 Blanche
33%
🟦 Blaster
33%
🟦 Bliss
33%
πŸ”² Blueslip Bowl
33%
🟒 Bonanza
33%
🟒 Bonanza Access
33%
⬛ Boogeyman
33%
🟒 Broadway
33%
⬛ Buckeye
33%
🟦 Carbide Cut
33%
🟦 Cascade
33%
⬛ C.B.'s Run
33%
🟦 Chance
33%
πŸ”² Charlie Brown
33%
🟦 Chicane
33%
🟦 Chicane Bypass
33%
⬛ Chimera
33%
🟦 Chrome Alley
33%
🟒 Claimjumper
33%
⬛ Climax
33%
⬛ Cloud 9
33%
⬛ Cobalt Woods
33%
⬛ Combustion
33%
⬛ Commitment
33%
🟦 Comstock
33%
πŸ”² Constellation
33%
🟦 Copperhead
33%
🟦 Courchevel
33%
⬛ Crescent
33%
🟦 Dawn
33%
🟦 Day Dream
33%
πŸ”² Dead Tree
33%
🟦 Deja Vu
33%
πŸ”² Deschutes
33%
🟦 Detonator
33%
⬛ Diamond Ridge
33%
🟦 Dividend
33%
⬛ Doublejack
33%
🟦 Double Nickel
33%
🟒 Drift
33%
πŸ”² Dutch Hollow
33%
⬛ Dynamite
33%
πŸ”² East Scott's Bowl
33%
🟦 Elk Dance
33%
🟦 Encore
33%
πŸ”² End Zone
33%
⬛ Erika's Gold
33%
🟦 Escape
33%
🟦 Eureka
33%
🟒 First Time
33%
🟒 Flat Iron
33%
⬛ Fool's Gold
33%
⬛ Fool's Paradise
33%
πŸ”² Fortune Teller
33%
πŸ”² Fright Gully
33%
🟦 Georgeanna
33%
🟦 Golden Spruce
33%
⬛ Goldfinger
33%
🟦 Gotcha Cut-Off
33%
πŸ”² Grande
33%
πŸ”² Half Moon
33%
🟦 Harmony
33%
🟦 Hawkeye
33%
⬛ Heavy Metal
33%
🟦 Heckler
33%
🟦 Hidden Splendor
33%
🟦 High Card
33%
πŸ”² Homelite
33%
🟦 Hot Spot
33%
⬛ Illusion
33%
πŸ”² Indicator
33%
⬛ Iron Man
33%
🟦 Jonesy's
33%
🟦 Jupiter Access
33%
🟦 Keystone
33%
🟒 King Con Access
33%
🟦 King Con Ridge
33%
🟦 King's Crown
33%
🟦 Ladies SL
33%
🟦 Lazy Day
33%
🟦 Lead Foot
33%
🟦 Liberty
33%
⬛ Ligety Split
33%
⬛ Lightning
33%
πŸ”² Limelite
33%
πŸ”² Lite's Out
33%
⬛ Lost Prospector
33%
🟦 Lower Crowning Glory
33%
🟦 Lower Silver Skis
33%
🟦 Lucky Boy
33%
πŸ”² Magic Line
33%
πŸ”² Main Bowl
33%
πŸ”² McConkey's Bowl
33%
🟦 McDonalds Meadow
33%
🟦 Mel's Alley
33%
⬛ Men's SL
33%
🟦 Mercury
33%
🟦 Middle Crowning Glory
33%
🟒 Mid-Mtn
33%
🟦 Mid-Mtn Cutoff
33%
🟦 Mid-Mtn Meadows
33%
⬛ Mikey's
33%
🟦 Mimi's Way
33%
🟦 Mirage
33%
πŸ”² Molly's
33%
🟦 Moniter
33%
πŸ”² Moraine
33%
πŸ”² Motherload Meadows
33%
🟦 Muckers
33%
⬛ Nail Driver
33%
πŸ”² New Moon
33%
⬛ Newport
33%
🟦 Oops
33%
πŸ”² O-Zone
33%
🟦 Panorama
33%
⬛ Paradise
33%
⬛ Paradise Bowl
33%
⬛ Paradise Chutes
33%
🟦 Parley's Park
33%
🟦 Payday
33%
🟦 Peace
33%
⬛ Phantasm
33%
⬛ Picabo's
33%
⬛ Pinball Alley
33%
πŸ”² Pinyon Ridge
33%
⬛ Pioneer
33%
πŸ”² Pioneer Ridge
33%
⬛ Pipe Dream
33%
⬛ Platinum Woods
33%
πŸ”² Portuguese Gap
33%
🟦 Powder Keg
33%
🟦 Powder Monkey
33%
🟦 Power Alley
33%
⬛ Prospector
33%
πŸ”² Puma Bowl
33%
πŸ”² P-Zone
33%
⬛ Quantum Leap
33%
πŸ”² Quarter Moon
33%
🟦 Quit 'N Time
33%
🟦 RDR
33%
🟦 Reaper
33%
🟦 Red Fox
33%
πŸ”² Red Pine Chutes
33%
🟦 Red Pine Road
33%
🟦 Rhapsody
33%
πŸ”² Rhino
33%
🟦 Ripsaw
33%
🟒 Road To Thaynes Canyon
33%
🟒 Rose Bud
33%
🟦 Royal
33%
⬛ Sampson
33%
πŸ”² Sam's Knob
33%
🟦 Sanctuary
33%
🟦 Sandman
33%
⬛ Seldom Seen
33%
🟦 Serenity
33%
⬛ Shadow Lands
33%
πŸ”² Shadow Ridge
33%
⬛ Shaft
33%
🟦 Shamus
33%
🟦 Short Fuse
33%
🟒 Shortline
33%
🟦 Showcase
33%
⬛ Sidewinder
33%
πŸ”² Silver Cliff
33%
🟦 Silver Hollow
33%
⬛ Silver King
33%
🟦 Silver Queen
33%
⬛ Silver Skis
33%
🟦 Silver Spur
33%
🟦 Silver Star
33%
🟦 Silver Streak
33%
🟦 Singlejack
33%
🟦 Sitka
33%
⬛ Sleeper
33%
🟦 Sleep Walker
33%
🟦 Snow Meadow
33%
🟦 Snowonder
33%
⬛ Solace
33%
🟦 South Fork
33%
⬛ Specter
33%
🟦 Spiro
33%
🟒 Stope
33%
⬛ Sundog
33%
🟦 Sunnyside
33%
πŸ”² Talus Garden
33%
🟦 Temptation
33%
⬛ Thaynes
33%
🟦 Thaynes Canyon
33%
πŸ”² The Abyss
33%
⬛ The Aspens
33%
πŸ”² The Chutes
33%
⬛ The Drop
33%
🟦 The Highway
33%
⬛ The Hoist
33%
⬛ The Pines
33%
⬛ Thunder
33%
🟦 Tin Cup
33%
🟦 TNT
33%
🟦 Trance
33%
⬛ Tranquility
33%
🟦 Treasure Hollow
33%
🟒 Turtle Trail
33%
🟦 Twilight
33%
⬛ Tycoon
33%
🟦 Upper Crowning Glory
33%
🟒 Upper First Time
33%
🟦 Upper Harmony
33%
🟦 Upper White Pine
33%
⬛ Vista
33%
πŸ”² War Zone
33%
⬛ Waterfall
33%
πŸ”² West Face
33%
🟦 White Pine
33%
⬛ Widowmaker
33%
⬛ Willy's Run
33%
🟦 Winter Way
33%
🟦 Woodside
33%
🟦 Zeke's Road
33%
πŸ”² 100 Turns
0%
πŸ”² 1st Bowl
0%
πŸ”² A Chute
0%
πŸ”² After Shock
0%
🟦 Alley
0%
🟒 Alley Cat
0%
🟦 Apex Ridge
0%
⬛ Aplande
0%
🟦 Arrowhead
0%
🟦 Badger's Bypass
0%
⬛ Badlands
0%
⬛ Black Hole
0%
🟦 Boomer
0%
🟦 Broken Arrow
0%
⬛ Bugle Ridge
0%
🟦 Bugle Ridge Bypass
0%
⬛ Canis Lupis
0%
πŸ”² Condor Woods
0%
⬛ Devil's Friend
0%
⬛ Diablo
0%
🟦 Doc's Run
0%
⬛ Eagle
0%
🟦 Echo
0%
🟦 Eclipse
0%
⬛ Ecstasy
0%
⬛ Elk Ridge
0%
⬛ Escapade Woods
0%
🟦 Ez Street
0%
πŸ”² Five Trees
0%
🟦 Flume
0%
🟦 Flying Salmon
0%
πŸ”² Funnel Cloud
0%
⬛ Gallery
0%
⬛ G Force
0%
⬛ Golden Glades
0%
⬛ Grizzly
0%
🟒 Hidden Bear
0%
πŸ”² High Peak
0%
🟦 Hurricane Alley
0%
πŸ”² Junipers
0%
⬛ Kestrel
0%
🟦 Kokopelli
0%
πŸ”² Lone Pine
0%
🟦 Lookout Ridge
0%
🟦 Lower Boa
0%
πŸ”² Lower East Face
0%
⬛ Lynx
0%
🟦 Mainline
0%
⬛ Massacre
0%
🟒 Mellow Moose
0%
⬛ Mine Shaft
0%
πŸ”² Murdock Bowl
0%
⬛ Mystic Pines
0%
🟦 Outlaw
0%
🟦 Painted Horse
0%
πŸ”² Pinecone Ridge
0%
🟦 Pine Draw
0%
🟦 Raptor Way
0%
⬛ Rendezvous Bowl
0%
⬛ Rendezvous Ridge
0%
⬛ Renegade
0%
πŸ”² Renny's Ridge
0%
🟦 Retreat
0%
🟦 Road-D-O
0%
πŸ”² Saddle Chutes
0%
⬛ Shadows
0%
⬛ Silverado
0%
⬛ Silverado Bowl
0%
⬛ Silver Horse
0%
🟦 Sixes
0%
🟦 Snow Dancer
0%
⬛ Snow Draw
0%
🟦 Spider Monkey
0%
🟦 Spur
0%
⬛ Sth
0%
πŸ”² Sticks And Stones
0%
🟦 Sunrise
0%
⬛ Super Fury
0%
🟦 The Drain
0%
⬛ Thrasher
0%
🟦 Thunder Rd
0%
⬛ Tower
0%
🟦 Transitions
0%
⬛ Tree Time
0%
⬛ Tube
0%
🟦 Tunnel Of Fun
0%
⬛ Twister
0%
🟦 Upper Apex Ridge
0%
🟦 Upper Boa
0%
πŸ”² Upper East Face
0%
🟦 Upper Lookout Ridge
0%
🟒 Upper Mainline
0%
⬛ Wapiti
0%
πŸ”² Western Boundary
0%
πŸ”² Whippets Chutes
0%
🟦 Whitewater
0%
🟦 Willow Draw
0%
πŸ”² Yard Sale
0%
No matching quizzes found
Score Distribution
Percent of People with Each Score
Percentile by Number Answered
Your Score History
You have not taken this quiz since the last reset